| 000 | 00782nas a2200241 4500 | ||
|---|---|---|---|
| 001 | BR0305919 | ||
| 003 | BR-BrBNA | ||
| 005 | 20231205104204.0 | ||
| 007 | ta | ||
| 008 | 230509b bl.|||p| |||| 00| 00por d | ||
| 040 |
_aBR-BrBNA _bpor _cBiblioteca Nacional de Agricultura |
||
| 041 | _a(Pt) | ||
| 072 | _aE11 | ||
| 100 | 1 | _aDeere, C.D. | |
| 245 | 1 | _aDiferenças regionais na reforma agrária brasileira: gênero, direitos à terra e movimentos sociais rurais | |
| 650 | _aREFORMA AGRÁRIA | ||
| 650 | _aDISTRIBUIÇÃO DE TERRA | ||
| 650 | _aASSENTAMENTO | ||
| 650 | _aESTRUTURA AGRÁRIA | ||
| 773 | 0 |
_tEstudos Sociedade e Agricultura (Brazil) _xISSN 1413-0580 _g(Apr 2002), no. 18 p. 112-116 _wBR0305919 |
|
| 909 |
_a202311 _bLúcia _c55 _dLúcia Elande |
||
| 942 |
_2AGRIS _n0 _cANA |
||
| 999 |
_c176834 _d176834 |
||